000 00490nam a2200181Ia 4500
008 230917s9999||||xx |||||||||||||| ||und||
020 _cRS929
040 _e257667
_aMAIN
041 _aEnglish
082 _a005.453 A68C(2)
100 _aAho, Alfred V
245 0 _aCompilers: Principles, techniques, and tool
250 _a2nd ed.
260 _aNoida
_bPearson India Education
_c2019
300 _a948 p.
500 _a3597 04/09/2019 HBD19/7957 30/09/2019 Main Budget
942 _cBK
999 _c32642
_d32642